00507 a2200181 450000100060000002000150000604000370002110000250005824000320008324500270011530000070014236200090014944000120015865000310017094200070020195201000020899900170030871361 a851600709X cAnchieta - Colégio São Paulo aRibeiro, Laís Carr10aPapai Noel esteve aquilpor10aPapai Noel esteve aqui a290 a1992 1aModerna 4aLiteratura infanto-juvenil cBK 00104070a88.1b88.1d2023-11-22l0o028.5 R484p432/CSPr2023-11-22 14:27:32w2023-11-22yBK c71361d71361